[Event "Winnipeg Summer Junior op"]
[Site "Winnipeg CAN"]
[Date "2025.07.22"]
[Round "3.5"]
[White "Bilugan, Mason"]
[Black "Wang, Elvis"]
[Result "1-0"]
[WhiteElo "1962"]
[BlackElo "1545"]
[WhiteFideId "-1"]
[WhiteFideId "-1"]
[PlyCount "85"]
[GameId "2215457811422763"]
[EventDate "2025.07.21"]
[EventType "swiss"]
[EventRounds "6"]
[EventCountry "CAN"]

1. d4 d5 2. c4 c6 3. Nf3 Bf5 4. Nc3 e6 5. cxd5 cxd5 6. Bf4 Nc6 7. e3 Nf6 8. Bb5 Be7 9. Qa4 Rc8 10. Ne5 O-O 11. Bxc6 bxc6 12. Nxc6 Qe8 13. Nxe7+ Qxe7 14. O-O Ne4 15. Nxe4 Bxe4 16. Rfc1 Qf6 17. f3 Bg6 18. Qxa7 Bh5 19. Qa6 Ra8 20. Qe2 Rfb8 21. Bxb8 Rxb8 22. b4 h6 23. b5 Qg5 24. Rab1 e5 25. dxe5 Qxe5 26. b6 d4 27. Re1 Bg6 28. Rb3 d3 29. Qd2 Qe6 30. Reb1 Qc6 31. e4 Qb7 32. Rxd3 f5 33. Rd7 Qc6 34. Qd6 Rxb6 35. Rxb6 Qc1+ 36. Kf2 Qc2+ 37. Kg3 f4+ 38. Kxf4 Qc1+ 39. Qd2 Qc5 40. Rxg6 Kh7 41. Rdxg7+ Kh8 42. Qd8+ Qf8+ 43. Qxf8# 1-0

[Event "Winnipeg Summer Junior op"]
[Site "Winnipeg CAN"]
[Date "2025.07.22"]
[Round "3.6"]
[White "Iyer, Pia"]
[Black "Punay, Rhailey"]
[Result "0-1"]
[WhiteElo "1168"]
[BlackElo "1894"]
[WhiteFideId "-1"]
[WhiteFideId "-1"]
[PlyCount "50"]
[GameId "2215457811426860"]
[EventDate "2025.07.21"]
[EventType "swiss"]
[EventRounds "6"]
[EventCountry "CAN"]

1. d4 Nf6 2. Nf3 g6 3. e3 Bg7 4. c4 O-O 5. Nc3 d6 6. h3 Nbd7 7. Bd3 e5 8. O-O Re8 9. Re1 e4 10. Nxe4 Nxe4 11. Qc2 Ndf6 12. c5 dxc5 13. Ne5 cxd4 14. Bxe4 Nxe4 15. Qxe4 Rxe5 16. Qd3 Qh4 17. e4 Be6 18. Qb3 Bxb3 19. axb3 Rae8 20. Rxa7 Rxe4 21. Rf1 Re1 22. Rxe1 Rxe1+ 23. Kh2 Rxc1 24. Rxb7 Qf4+ 25. g3 Qxf2# 0-1

[Event "Winnipeg Summer Junior op"]
[Site "Winnipeg CAN"]
[Date "2025.07.22"]
[Round "3.9"]
[White "Gao, Yueheng"]
[Black "Jo, Asher"]
[Result "0-1"]
[WhiteElo "1215"]
[BlackElo "1346"]
[WhiteFideId "-1"]
[WhiteFideId "-1"]
[PlyCount "68"]
[GameId "2215457811430959"]
[EventDate "2025.07.21"]
[EventType "swiss"]
[EventRounds "6"]
[EventCountry "CAN"]

1. e4 e5 2. Nf3 Nc6 3. Bc4 Nf6 4. d3 h6 5. Nc3 d6 6. Be3 Be7 7. h3 Be6 8. Bb3 O-O 9. g4 d5 10. g5 hxg5 11. Bxg5 dxe4 12. Bxf6 exf3 13. Bxe7 Qxe7 14. Ne4 Bxb3 15. axb3 f5 16. Ng3 e4 17. O-O Qg5 18. Kh2 f4 19. Rg1 fxg3+ 20. Rxg3 Qf4 21. dxe4 Qxe4 22. Ra4 Qf5 23. Rag4 Rf7 24. Rg5 Qe4 25. R3g4 Qe2 26. Qd5 Qxf2+ 27. Kh1 Kf8 28. Rh5 Ne7 29. Rh8+ Ng8 30. Qe5 Re8 31. Rxg8+ Kxg8 32. Qxe8+ Kh7 33. Qxf7 Qf1+ 34. Rg1 Qxh3# 0-1

[Event "Winnipeg Summer Junior op"]
[Site "Winnipeg CAN"]
[Date "2025.07.22"]
[Round "3.10"]
[White "Zhang, Oscar"]
[Black "Lam, Jacob"]
[Result "1-0"]
[WhiteElo "1423"]
[BlackElo "1358"]
[WhiteFideId "-1"]
[WhiteFideId "-1"]
[PlyCount "76"]
[GameId "2215457811430960"]
[EventDate "2025.07.21"]
[EventType "swiss"]
[EventRounds "6"]
[EventCountry "CAN"]

1. e4 c6 2. Nf3 d5 3. exd5 cxd5 4. d4 Bg4 5. Bf4 e6 6. Bxb8 Rxb8 7. Bb5+ Ke7 8. h3 Bxf3 9. Qxf3 Nf6 10. Ba4 b5 11. Bb3 a5 12. a4 b4 13. O-O Ke8 14. c3 bxc3 15. Qxc3 Bb4 16. Qd3 Qb6 17. Qb5+ Qxb5 18. axb5 Rxb5 19. Ba4 Ke7 20. Bxb5 Rb8 21. Bd3 Nh5 22. Be2 Nf4 23. Bf3 h6 24. Nc3 Nd3 25. Na4 Bd6 26. Rab1 f6 27. Rfd1 Nb4 28. Nc5 e5 29. Na4 Na2 30. dxe5 Bxe5 31. Re1 d4 32. Bd1 Nc3 33. Nxc3 dxc3 34. b3 Rc8 35. Bc2 g5 36. g3 h5 37. f4 gxf4 38. gxf4 Kf7 1-0

[Event "Winnipeg Summer Junior op"]
[Site "Winnipeg CAN"]
[Date "2025.07.22"]
[Round "4.1"]
[White "Hui, Zelus"]
[Black "Zhang, Ian"]
[Result "1/2-1/2"]
[WhiteElo "1722"]
[BlackElo "1750"]
[WhiteFideId "-1"]
[WhiteFideId "-1"]
[PlyCount "75"]
[GameId "2215457811435058"]
[EventDate "2025.07.21"]
[EventType "swiss"]
[EventRounds "6"]
[EventCountry "CAN"]

1. c4 Nf6 2. g3 e6 3. Bg2 d5 4. Nf3 c5 5. cxd5 exd5 6. d4 Nc6 7. O-O Be7 8. dxc5 Bxc5 9. e3 O-O 10. Nc3 Be6 11. b3 Qe7 12. Qe2 Rad8 13. Rd1 a6 14. Bb2 Rfe8 15. Rac1 Ba7 16. Nb1 h6 17. h3 Nh7 18. Nd4 Nxd4 19. Bxd4 Bxd4 20. Rxd4 Rd6 21. Rcd1 Red8 22. Nc3 Nf6 23. Qd3 Qd7 24. Qd2 Bxh3 25. Nxd5 Nxd5 26. Bxd5 Kf8 27. Bg2 Rxd4 28. Qxd4 Qxd4 29. Rxd4 Rxd4 30. exd4 Bc8 31. f4 Ke7 32. b4 b6 33. Kf2 Be6 34. a3 Kd6 35. Ke3 f6 36. Be4 g5 37. fxg5 hxg5 38. Bf3 1/2-1/2

[Event "Winnipeg Summer Junior op"]
[Site "Winnipeg CAN"]
[Date "2025.07.22"]
[Round "4.2"]
[White "Miao, Yupeng"]
[Black "Gres, Yakiv"]
[Result "0-1"]
[WhiteElo "1691"]
[BlackElo "1990"]
[WhiteFideId "-1"]
[WhiteFideId "-1"]
[PlyCount "120"]
[GameId "2215457811439155"]
[EventDate "2025.07.21"]
[EventType "swiss"]
[EventRounds "6"]
[EventCountry "CAN"]

1. e4 e5 2. Nf3 Nc6 3. Bb5 a6 4. Ba4 Nf6 5. O-O Be7 6. Re1 b5 7. Bb3 O-O 8. d4 d6 9. c3 Bg4 10. Be3 Rb8 11. Nbd2 Re8 12. a4 b4 13. a5 bxc3 14. bxc3 exd4 15. cxd4 Nb4 16. h3 Bh5 17. Ba4 Rf8 18. e5 dxe5 19. dxe5 Nfd5 20. Ne4 Bg6 21. Qd4 c5 22. Qc4 Qxa5 23. Bb3 Qb5 24. Nd6 Bxd6 25. exd6 Qxc4 26. Bxc4 Nxe3 27. Rxe3 Nc2 28. Rxa6 Nxe3 29. fxe3 Ra8 30. Rc6 Be4 31. Rxc5 Bxf3 32. gxf3 Rfc8 33. Rxc8+ Rxc8 34. d7 Rd8 35. Bb5 Kf8 36. Kg2 Ke7 37. Kg3 Rb8 38. Ba4 Rb4 39. Bc6 f6 40. e4 Kd8 41. Kf4 Kc7 42. Kf5 Rd4 43. Bb5 Rd6 44. e5 Rd5 45. Ba4 Rxe5+ 46. Kg4 Rd5 47. Kg3 Rd4 48. Bc2 g6 49. h4 Rxd7 50. h5 Kd6 51. hxg6 hxg6 52. Kg4 Rg7 53. f4 Kd5 54. Bb3+ Ke4 55. Bc2+ Ke3 56. Bb1 g5 57. fxg5 Rxg5+ 58. Kh4 Kf4 59. Kh3 Kf3 60. Kh4 Rg1 0-1

[Event "Winnipeg Summer Junior op"]
[Site "Winnipeg CAN"]
[Date "2025.07.22"]
[Round "4.4"]
[White "Punay, Rhailey"]
[Black "Zhang, Nicole"]
[Result "1-0"]
[WhiteElo "1894"]
[BlackElo "1760"]
[WhiteFideId "-1"]
[WhiteFideId "-1"]
[PlyCount "63"]
[GameId "2215457811439156"]
[EventDate "2025.07.21"]
[EventType "swiss"]
[EventRounds "6"]
[EventCountry "CAN"]

1. e4 e5 2. Nf3 Nc6 3. Bc4 Bc5 4. c3 Nf6 5. d4 exd4 6. e5 d5 7. Bb5 Ne4 8. cxd4 Bb4+ 9. Nbd2 Bd7 10. O-O Bxd2 11. Bxd2 O-O 12. Bd3 Bg4 13. Be3 Ne7 14. h3 Bh5 15. Qc2 f6 16. exf6 Nxf6 17. Ne5 Be8 18. Bg5 h6 19. Bh4 g5 20. Bg3 Kg7 21. Bh2 Nc6 22. Nxc6 Bxc6 23. Be5 Kg8 24. Bh7+ Kh8 25. f4 Qe7 26. fxg5 Qxh7 27. Qxh7+ Kxh7 28. gxf6 Rf7 29. Rf4 Rg8 30. Rc1 b6 31. Rxc6 Rc8 32. Rxc7 1-0

[Event "Winnipeg Summer Junior op"]
[Site "Winnipeg CAN"]
[Date "2025.07.22"]
[Round "4.5"]
[White "Lake, Pablo"]
[Black "Balamanage, Dineth"]
[Result "1/2-1/2"]
[WhiteElo "1766"]
[BlackElo "1639"]
[WhiteFideId "-1"]
[WhiteFideId "-1"]
[PlyCount "89"]
[GameId "2215457811443253"]
[EventDate "2025.07.21"]
[EventType "swiss"]
[EventRounds "6"]
[EventCountry "CAN"]

1. e4 c5 2. Nc3 a6 3. f4 b5 4. Nf3 Nc6 5. d3 e6 6. g3 Nge7 7. Bg2 Bb7 8. O-O g6 9. h3 Bg7 10. Qe1 Nd4 11. Qf2 O-O 12. g4 d5 13. e5 Nxf3+ 14. Bxf3 Qc7 15. Bd2 Rad8 16. Rae1 h6 17. Qh4 Kh7 18. Rf2 Rg8 19. f5 gxf5 20. Rg2 Ng6 21. Qh5 Nxe5 22. Rxe5 Qxe5 23. Qxf7 Bc8 24. g5 Qd4+ 25. Kh1 Rdf8 26. Qe7 Re8 27. Qf7 Ref8 28. Qe7 Re8 29. Qc7 Kh8 30. Ne2 Qh4 31. gxh6 Bxh6 32. Bxh6 Qxh6 33. Qe5+ Kh7 34. Qc7+ Rg7 35. Qc6 Reg8 36. Qxc5 Rxg2 37. Bxg2 Qg7 38. Qf2 Bb7 39. d4 Qg6 40. Nf4 Qf6 41. c3 Bc8 42. Nh5 Qg5 43. Nf4 Qg3 44. Qd2 Qg5 45. Qf2 1/2-1/2

[Event "Winnipeg Summer Junior op"]
[Site "Winnipeg CAN"]
[Date "2025.07.22"]
[Round "4.6"]
[White "Jo, Asher"]
[Black "Zhou, Joe"]
[Result "0-1"]
[WhiteElo "1346"]
[BlackElo "1917"]
[WhiteFideId "-1"]
[WhiteFideId "-1"]
[PlyCount "88"]
[GameId "2215457811443254"]
[EventDate "2025.07.21"]
[EventType "swiss"]
[EventRounds "6"]
[EventCountry "CAN"]

1. e4 c5 2. Nf3 Nc6 3. Bc4 a6 4. a4 e6 5. O-O Bd6 6. d3 Nge7 7. Nc3 O-O 8. Be3 b6 9. d4 cxd4 10. Nxd4 Qc7 11. h3 Nxd4 12. Qxd4 Bc5 13. Qd3 Bxe3 14. Qxe3 Qxc4 15. Rfd1 Qc7 16. Rd3 Bb7 17. Qd4 d5 18. exd5 Nxd5 19. Nxd5 Bxd5 20. Rc3 Qb7 21. Rg3 f6 22. c4 Bc6 23. Qg4 Qf7 24. b4 Rfd8 25. b5 axb5 26. cxb5 Bxb5 27. Raa3 Qe7 28. Rge3 Bd7 29. Kh2 Ra5 30. Qd4 b5 31. Rg3 Rxa4 32. Rxa4 bxa4 33. Qc3 Ra8 34. Qf3 Ra5 35. Qd1 a3 36. Rd3 Rd5 37. Rxd5 exd5 38. Qxd5+ Be6 39. Qd1 a2 40. Qa1 Qd6+ 41. g3 Qb6 42. Qe1 Kf7 43. Qa1 Qxf2+ 44. Kh1 Bd5# 0-1

[Event "Winnipeg Summer Junior op"]
[Site "Winnipeg CAN"]
[Date "2025.07.22"]
[Round "4.7"]
[White "Wang, Elvis"]
[Black "Wang, Lucas"]
[Result "0-1"]
[WhiteElo "1545"]
[BlackElo "1887"]
[WhiteFideId "-1"]
[WhiteFideId "-1"]
[PlyCount "72"]
[GameId "2215457811447351"]
[EventDate "2025.07.21"]
[EventType "swiss"]
[EventRounds "6"]
[EventCountry "CAN"]

1. d4 Nf6 2. Nf3 e6 3. c4 Bb4+ 4. Nc3 d5 5. e3 O-O 6. Be2 dxc4 7. Bxc4 c5 8. O-O cxd4 9. exd4 Nd5 10. Nxd5 exd5 11. Qb3 dxc4 12. Qxb4 Qd5 13. Be3 Na6 14. Qc3 f6 15. Rac1 Bf5 16. Rfd1 Rac8 17. h3 Bxh3 18. gxh3 Qxf3 19. Bd2 Qh5 20. Qg3 Rfd8 21. Be3 Nb4 22. a3 Nd5 23. Rd2 c3 24. bxc3 Nxc3 25. Rdc2 Ne2+ 26. Rxe2 Rxc1+ 27. Bxc1 Qxe2 28. Qc7 Qe1+ 29. Kg2 Qe4+ 30. Kh2 Rxd4 31. Be3 Rd1 32. Qc8+ Kf7 33. Qc7+ Ke8 34. Qxg7 Rh1+ 35. Kg3 Rg1+ 36. Kh2 Qh1# 0-1

[Event "Winnipeg Summer Junior op"]
[Site "Winnipeg CAN"]
[Date "2025.07.22"]
[Round "4.11"]
[White "Lam, Jacob"]
[Black "Hui, Zenas"]
[Result "1/2-1/2"]
[WhiteElo "1358"]
[BlackElo "1413"]
[WhiteFideId "-1"]
[WhiteFideId "-1"]
[PlyCount "58"]
[GameId "2215457811451451"]
[EventDate "2025.07.21"]
[EventType "swiss"]
[EventRounds "6"]
[EventCountry "CAN"]

1. d4 f5 2. Nc3 Nf6 3. Bf4 e6 4. e3 Be7 5. Bd3 O-O 6. Nge2 d6 7. h4 Nbd7 8. Bc4 Nb6 9. Bb3 Kh8 10. Ng3 a6 11. a3 Ng4 12. f3 Nf6 13. Qe2 Qe8 14. O-O-O Bd8 15. e4 fxe4 16. Ngxe4 d5 17. Nf2 Nh5 18. Be5 Nd7 19. f4 Nxf4 20. Bxf4 Rxf4 21. g3 Rf7 22. Rdf1 Nb6 23. Qh5 g6 24. Qe5+ Bf6 25. Qe3 Be7 26. Ng4 Qf8 27. Qe5+ Kg8 28. Ne3 Bd6 29. Qg5 Be7 1/2-1/2

[Event "Winnipeg Summer Junior op"]
[Site "Winnipeg CAN"]
[Date "2025.07.23"]
[Round "5.1"]
[White "Gres, Yakiv"]
[Black "Hui, Zelus"]
[Result "1-0"]
[WhiteElo "1990"]
[BlackElo "1722"]
[WhiteFideId "-1"]
[WhiteFideId "-1"]
[PlyCount "69"]
[GameId "2215457811455548"]
[EventDate "2025.07.21"]
[EventType "swiss"]
[EventRounds "6"]
[EventCountry "CAN"]

1. e4 e6 2. d4 d5 3. Nc3 dxe4 4. Nxe4 Bd7 5. Nf3 Bc6 6. Bd3 Nd7 7. Qe2 Ngf6 8. Bg5 Be7 9. Nxf6+ Nxf6 10. O-O Bxf3 11. Qxf3 c6 12. c3 h6 13. Bd2 Qc7 14. a4 O-O 15. a5 a6 16. Bf4 Bd6 17. Bxh6 gxh6 18. Qxf6 Bxh2+ 19. Kh1 Bf4 20. Qh4 Bg5 21. Qe4 Rfe8 22. Qh7+ Kf8 23. f4 Bxf4 24. Rxf4 Qxf4 25. Rf1 Qxf1+ 26. Bxf1 Ke7 27. Kg1 Rh8 28. Qe4 Rag8 29. Qe5 Kd7 30. Bd3 Rf8 31. c4 f6 32. Qe4 f5 33. Qe5 Rhg8 34. d5 exd5 35. Bxf5+ 1-0

[Event "Winnipeg Summer Junior op"]
[Site "Winnipeg CAN"]
[Date "2025.07.23"]
[Round "5.2"]
[White "Bilugan, Mason"]
[Black "Punay, Rhailey"]
[Result "1/2-1/2"]
[WhiteElo "1962"]
[BlackElo "1894"]
[WhiteFideId "-1"]
[WhiteFideId "-1"]
[PlyCount "105"]
[GameId "2215457811455549"]
[EventDate "2025.07.21"]
[EventType "swiss"]
[EventRounds "6"]
[EventCountry "CAN"]

1. e4 e5 2. Nf3 Nc6 3. Bc4 Nf6 4. d3 Bc5 5. Nc3 d6 6. Bg5 h6 7. Bxf6 Qxf6 8. Nd5 Qd8 9. c3 a6 10. d4 Ba7 11. dxe5 Nxe5 12. Nxe5 dxe5 13. Qh5 Qd6 14. O-O-O O-O 15. f4 exf4 16. Rhf1 Qc5 17. Bb3 c6 18. Nxf4 Qxh5 19. Nxh5 Bg4 20. Ng3 Be3+ 21. Kc2 Bxd1+ 22. Kxd1 Rad8+ 23. Ke2 Bg5 24. Nf5 Rd2+ 25. Kf3 Rfd8 26. g3 Rxh2 27. e5 Rhd2 28. Nd6 R2xd6 29. exd6 Rxd6 30. Ke4 Bf6 31. Rd1 Rxd1 32. Bxd1 g6 33. g4 Kf8 34. Kd3 Ke7 35. b4 Kd6 36. Bb3 Ke7 37. c4 h5 38. gxh5 gxh5 39. Bd1 h4 40. Bg4 Kd6 41. a4 b6 42. Bf3 c5 43. b5 a5 44. Ke4 Bd4 45. Kf5 Ke7 46. Bg4 Kf8 47. Bh3 Kg7 48. Bg4 Kh6 49. Bh3 Bb2 50. Bg4 h3 51. Bxh3 Kh5 52. Bg2 Kh4 53. Bd5 1/2-1/2

[Event "Winnipeg Summer Junior op"]
[Site "Winnipeg CAN"]
[Date "2025.07.23"]
[Round "5.3"]
[White "Zhang, Ian"]
[Black "Zhou, Joe"]
[Result "0-1"]
[WhiteElo "1750"]
[BlackElo "1917"]
[WhiteFideId "-1"]
[WhiteFideId "-1"]
[PlyCount "54"]
[GameId "2215457811459646"]
[EventDate "2025.07.21"]
[EventType "swiss"]
[EventRounds "6"]
[EventCountry "CAN"]

1. e4 c5 2. Nc3 Nc6 3. f4 e6 4. Bc4 a6 5. a4 b6 6. Nf3 Bb7 7. d3 Bd6 8. O-O Nge7 9. h3 O-O 10. Bd2 Bc7 11. Bb3 Nb4 12. Ne2 Nbc6 13. Qe1 d5 14. Ng3 dxe4 15. Nxe4 Nd4 16. Nxd4 Qxd4+ 17. Kh1 Rad8 18. Bc3 Qd7 19. Qg3 Ng6 20. Rad1 Bxe4 21. dxe4 Qxd1 22. Rxd1 Rxd1+ 23. Be1 Bxf4 24. Qf2 Bd2 25. Kh2 Bxe1 26. Qe2 Rfd8 27. c3 Rc1 0-1

[Event "Winnipeg Summer Junior op"]
[Site "Winnipeg CAN"]
[Date "2025.07.23"]
[Round "5.4"]
[White "Wang, Lucas"]
[Black "Lake, Pablo"]
[Result "1-0"]
[WhiteElo "1887"]
[BlackElo "1766"]
[WhiteFideId "-1"]
[WhiteFideId "-1"]
[PlyCount "59"]
[GameId "2215457811459647"]
[EventDate "2025.07.21"]
[EventType "swiss"]
[EventRounds "6"]
[EventCountry "CAN"]

1. d4 f5 2. c4 g6 3. Nf3 Bg7 4. Nc3 Nf6 5. Bf4 d6 6. h3 O-O 7. e3 Qe8 8. Bd3 Nbd7 9. Bh2 e5 10. dxe5 dxe5 11. Nb5 e4 12. Nxc7 Qe7 13. Nxa8 Nc5 14. Bc2 exf3 15. Bd6 fxg2 16. Rg1 Qd8 17. Bxf8 Qxf8 18. Nc7 Nfe4 19. Rb1 Qe7 20. Qd5+ Kh8 21. Rd1 Bf6 22. Bxe4 Nxe4 23. Qa5 Bh4 24. Rxg2 f4 25. Nd5 Qf8 26. Nxf4 Bf5 27. Rd4 Bf6 28. Rd1 Bxb2 29. Rd8 Bc3+ 30. Qxc3+ 1-0

[Event "Winnipeg Summer Junior op"]
[Site "Winnipeg CAN"]
[Date "2025.07.23"]
[Round "5.5"]
[White "Balamanage, Dineth"]
[Black "Miao, Yupeng"]
[Result "0-1"]
[WhiteElo "1639"]
[BlackElo "1691"]
[WhiteFideId "-1"]
[WhiteFideId "-1"]
[PlyCount "112"]
[GameId "2215457811459648"]
[EventDate "2025.07.21"]
[EventType "swiss"]
[EventRounds "6"]
[EventCountry "CAN"]

1. d4 d5 2. c4 c6 3. cxd5 cxd5 4. Nf3 Nc6 5. Nc3 Nf6 6. Bf4 Bf5 7. e3 e6 8. Bd3 Ne4 9. Bxe4 dxe4 10. Ng5 Bb4 11. f3 exf3 12. Nxf3 O-O 13. O-O Bd6 14. Bxd6 Qxd6 15. e4 Bg6 16. Qd2 a6 17. a3 Rfd8 18. Rad1 Bh5 19. e5 Qd7 20. Ne4 Bxf3 21. Rxf3 Qxd4+ 22. Qxd4 Rxd4 23. Rxd4 Nxd4 24. Rd3 Nc6 25. Rb3 b5 26. Rg3 Kf8 27. Ng5 h6 28. Nh7+ Ke7 29. Rxg7 Nxe5 30. Rg3 Rh8 31. Ng5 hxg5 32. Rxg5 Nc4 33. Rc5 Kd6 34. b4 Nxa3 35. Rc1 Nc4 36. Ra1 Ra8 37. h4 a5 38. h5 a4 39. g4 Rg8 40. Rd1+ Ke5 41. Re1+ Kf6 42. Rf1+ Ke7 43. Kh2 Ne3 44. Rg1 Nxg4+ 45. Kh1 Nf2+ 46. Kh2 Rxg1 47. Kxg1 Ng4 48. h6 Nxh6 49. Kf1 a3 50. Ke2 a2 51. Kd3 a1=Q 52. Ke4 f5+ 53. Kf4 e5+ 54. Kg5 Qg1+ 55. Kxh6 Kf6 56. Kh7 Qg7# 0-1

[Event "Winnipeg Summer Junior op"]
[Site "Winnipeg CAN"]
[Date "2025.07.23"]
[Round "5.8"]
[White "Zhang, Oscar"]
[Black "Gao, Yueheng"]
[Result "0-1"]
[WhiteElo "1423"]
[BlackElo "1215"]
[WhiteFideId "-1"]
[WhiteFideId "-1"]
[PlyCount "54"]
[GameId "2215457811459650"]
[EventDate "2025.07.21"]
[EventType "swiss"]
[EventRounds "6"]
[EventCountry "CAN"]

1. e4 e5 2. Nf3 Nc6 3. Bc4 Bc5 4. Nc3 Nf6 5. d3 d6 6. Bg5 h6 7. Bh4 Be6 8. Bxe6 fxe6 9. O-O a6 10. Re1 g5 11. Bg3 h5 12. h4 gxh4 13. Bxh4 Qe7 14. Qd2 O-O-O 15. Qg5 Rdf8 16. Qd2 Rhg8 17. g3 Qg7 18. Ng5 Nd4 19. Na4 Nh7 20. Nxc5 Nxg5 21. Bxg5 Nf3+ 22. Kg2 Nxd2 23. Nxe6 Qf7 24. Nxf8 Rxg5 25. f3 Qxf3+ 26. Kg1 Qxg3+ 27. Kh1 Qg2# 0-1

[Event "Winnipeg Summer Junior op"]
[Site "Winnipeg CAN"]
[Date "2025.07.23"]
[Round "5.9"]
[White "Wang, Elvis"]
[Black "Iyer, Pia"]
[Result "1-0"]
[WhiteElo "1545"]
[BlackElo "1168"]
[WhiteFideId "-1"]
[WhiteFideId "-1"]
[PlyCount "69"]
[GameId "2215457811459651"]
[EventDate "2025.07.21"]
[EventType "swiss"]
[EventRounds "6"]
[EventCountry "CAN"]

1. d4 d5 2. Nf3 Nf6 3. Bf4 Bf5 4. e3 e6 5. Bd3 Be7 6. O-O O-O 7. Bxf5 exf5 8. Nbd2 c5 9. c4 Nc6 10. Rc1 Re8 11. Nb3 Bd6 12. Bxd6 Qxd6 13. cxd5 Qxd5 14. Rxc5 Qe6 15. Ne5 Rac8 16. Nxc6 bxc6 17. Re5 Qd6 18. Rxf5 Re4 19. Qf3 Rh4 20. Qg3 Qe6 21. Qxh4 Qxf5 22. Qf4 Qc2 23. h3 h6 24. e4 Nxe4 25. Qf5 Qe2 26. Qxc8+ Kh7 27. Qxc6 Nf6 28. Rc1 Ne4 29. Qc2 Qa6 30. Qxe4+ g6 31. Rc7 Kg7 32. Qe5+ Kg8 33. Nc5 Qxa2 34. Rc8+ Kh7 35. Rh8# 1-0

[Event "Winnipeg Summer Junior op"]
[Site "Winnipeg CAN"]
[Date "2025.07.23"]
[Round "6.1"]
[White "Gres, Yakiv"]
[Black "Bilugan, Mason"]
[Result "1-0"]
[WhiteElo "1990"]
[BlackElo "1962"]
[WhiteFideId "-1"]
[WhiteFideId "-1"]
[PlyCount "93"]
[GameId "2215457811459654"]
[EventDate "2025.07.21"]
[EventType "swiss"]
[EventRounds "6"]
[EventCountry "CAN"]

1. d4 Nf6 2. Nf3 d5 3. e3 e6 4. Bd3 Bd6 5. O-O c5 6. b3 Nc6 7. Bb2 O-O 8. a3 Ne4 9. Nbd2 f5 10. Ne5 cxd4 11. exd4 Bxe5 12. dxe5 Nc5 13. Be2 b6 14. Rc1 Bb7 15. b4 Ne4 16. c4 Nxd2 17. Qxd2 Ne7 18. Rfd1 Qe8 19. Bf3 Rd8 20. Qc2 Rd7 21. Qa4 Bc6 22. b5 Ba8 23. Bc3 Qb8 24. Rc2 Rfd8 25. Rcd2 Qc7 26. c5 Qxc5 27. Bb4 Qc7 28. Rc2 Qxe5 29. Re1 Qf6 30. Rce2 Kf7 31. Qb3 Ng6 32. Bc3 Qe7 33. Bh5 Re8 34. g4 Qg5 35. f4 Qxf4 36. Bd2 Qd4+ 37. Be3 Qc4 38. Qxc4 dxc4 39. Bc1 Bd5 40. gxf5 Kf6 41. fxg6 hxg6 42. Bb2+ Kg5 43. Re5+ Kh6 44. Bg4 Rf8 45. R1e3 Kh7 46. Rh3+ Kg8 47. Rxd5 1-0

[Event "Winnipeg Summer Junior op"]
[Site "Winnipeg CAN"]
[Date "2025.07.23"]
[Round "6.2"]
[White "Zhou, Joe"]
[Black "Wang, Lucas"]
[Result "1-0"]
[WhiteElo "1917"]
[BlackElo "1887"]
[WhiteFideId "-1"]
[WhiteFideId "-1"]
[PlyCount "127"]
[GameId "2215457811459655"]
[EventDate "2025.07.21"]
[EventType "swiss"]
[EventRounds "6"]
[EventCountry "CAN"]

1. Nf3 Nf6 2. d4 d5 3. c4 e6 4. Nc3 Bb4 5. Bd2 O-O 6. e3 dxc4 7. Bxc4 c5 8. O-O cxd4 9. Nxd4 Bd7 10. Qb3 Bc5 11. Nce2 Nc6 12. Bc3 Bb6 13. Rfd1 Qb8 14. Nf3 Na5 15. Bxa5 Bxa5 16. Ng3 Bc6 17. Nd4 Bd5 18. Rac1 Rc8 19. Bxd5 Nxd5 20. Ne4 Bb6 21. Nb5 Qe5 22. Rxc8+ Rxc8 23. Ned6 Rb8 24. Nc4 Qf6 25. Nxb6 axb6 26. Nc3 Rc8 27. Nxd5 exd5 28. Qxd5 h6 29. Qxb7 Rc2 30. Qa8+ Kh7 31. Qe4+ Qg6 32. Qxg6+ Kxg6 33. Rb1 Kf6 34. g3 g5 35. a4 Kf5 36. Kg2 h5 37. b3 g4 38. Ra1 Rb2 39. a5 bxa5 40. Rxa5+ Kg6 41. Rb5 f5 42. Rb8 Kg7 43. b4 Kg6 44. b5 Kg7 45. b6 Kg6 46. b7 Kg7 47. Kf1 Kf7 48. Rh8 Rb1+ 49. Kg2 Kg7 50. b8=Q Rxb8 51. Rxb8 Kg6 52. Rb6+ Kg7 53. h3 gxh3+ 54. Kxh3 Kf7 55. Kh4 Kg7 56. Kxh5 Kf7 57. Kg5 f4 58. gxf4 Ke7 59. f5 Kd7 60. f6 Ke8 61. Rb7 Kf8 62. Kg6 Ke8 63. f7+ Kd8 64. f8=R# 1-0

[Event "Winnipeg Summer Junior op"]
[Site "Winnipeg CAN"]
[Date "2025.07.23"]
[Round "6.3"]
[White "Punay, Rhailey"]
[Black "Hui, Zelus"]
[Result "1-0"]
[WhiteElo "1894"]
[BlackElo "1772"]
[WhiteFideId "-1"]
[WhiteFideId "-1"]
[PlyCount "143"]
[GameId "2215457811459656"]
[EventDate "2025.07.21"]
[EventType "swiss"]
[EventRounds "6"]
[EventCountry "CAN"]

1. e4 e6 2. d4 d5 3. Nd2 dxe4 4. Nxe4 Bd7 5. Nf3 Bc6 6. Bd3 Nd7 7. O-O Ngf6 8. Ng3 Be7 9. Qe2 Bxf3 10. Qxf3 c6 11. b3 Nf8 12. Bb2 Ng6 13. Rfe1 O-O 14. c4 a5 15. Bc2 Qc7 16. Ne4 Nxe4 17. Bxe4 Bf6 18. Rad1 Rfd8 19. Re2 Rd7 20. g3 Rad8 21. Red2 Qb6 22. d5 Bxb2 23. Rxb2 cxd5 24. cxd5 Ne7 25. Rbd2 Qc5 26. dxe6 Rxd2 27. Qxf7+ Kh8 28. Rxd2 Qc1+ 29. Kg2 Qxd2 30. Qxe7 Qd6 31. Qh4 h6 32. Bxb7 Re8 33. Qa4 Qxe6 34. Qxa5 Rf8 35. Qc5 Qf7 36. Bd5 Qf5 37. b4 Rd8 38. Bf3 Qxc5 39. bxc5 Rc8 40. c6 Ra8 41. Bd5 Ra5 42. Be6 Rc5 43. Bd7 Kg8 44. Kf3 Kf7 45. Ke4 Ke7 46. f4 Ra5 47. h4 Rxa2 48. Kf5 Ra3 49. g4 Rc3 50. Kg6 Kf8 51. Kh7 Kf7 52. f5 Rc5 53. g5 hxg5 54. hxg5 Rc1 55. Be6+ Kf8 56. Bd5 Rc5 57. f6 g6 58. Be4 Rxg5 59. Kh6 Rc5 60. Kxg6 Rc4 61. Kf5 Rc1 62. Bd5 Ke8 63. Ke5 Kd8 64. Kd6 Rc2 65. f7 Rf2 66. c7+ Kc8 67. Be6+ Kb7 68. c8=Q+ Ka7 69. Qc5+ Ka8 70. Bd5+ Kb8 71. Qb6+ Kc8 72. Qc7# 1-0

[Event "Winnipeg Summer Junior op"]
[Site "Winnipeg CAN"]
[Date "2025.07.23"]
[Round "6.5"]
[White "Jo, Asher"]
[Black "Zhang, Ian"]
[Result "1/2-1/2"]
[WhiteElo "1346"]
[BlackElo "1750"]
[WhiteFideId "-1"]
[WhiteFideId "-1"]
[PlyCount "97"]
[GameId "2215457811459657"]
[EventDate "2025.07.21"]
[EventType "swiss"]
[EventRounds "6"]
[EventCountry "CAN"]

1. d4 d5 2. c4 e6 3. Nc3 Nf6 4. Bg5 c5 5. e3 Nc6 6. Nf3 Be7 7. Be2 O-O 8. O-O h6 9. Bh4 dxc4 10. Bxc4 cxd4 11. exd4 Bd7 12. Bg3 Re8 13. d5 exd5 14. Nxd5 Nxd5 15. Bxd5 Be6 16. Bxe6 fxe6 17. Qb3 Qc8 18. Rac1 Bf6 19. Be5 Bxe5 20. Nxe5 Qc7 21. Nxc6 bxc6 22. Rc2 Rab8 23. Qc3 Rb6 24. b3 Rf8 25. Re2 c5 26. Re3 Rf6 27. Rg3 Qe7 28. h3 Rb8 29. Rc1 Rc8 30. Rf3 Rxf3 31. Qxf3 Qg5 32. Re1 Qg6 33. Qb7 Rf8 34. Qxa7 Qf5 35. f3 Rf6 36. Qb8+ Kf7 37. Qb7+ Kg8 38. Qe4 Qg5 39. Qg4 Qd5 40. Qe4 Qd6 41. Qe5 Qb6 42. Kh1 Qb4 43. Rc1 Qa3 44. Qxc5 Qxa2 45. b4 Rf5 46. Qc4 Qxc4 47. Rxc4 Rb5 48. Kg1 Kf7 49. Kf2 1/2-1/2